Strategie podniku a finanční teorie

Opcie ako nástroj finančnej analýzy. Oceňovanie opcií a ich aplikácia. Východiská hodnotového modelu firmy. Stratégia ako portfólio opcií. Úloha ľudského kapitálu pri vytváraní hodnoty firmy.

Guardado en:
Detalles Bibliográficos
Autor principal: Vlachý, Jan
Formato: Capítulo de libro
Lenguaje:checo
Materias:
Etiquetas: Agregar Etiqueta
Sin Etiquetas, Sea el primero en etiquetar este registro!

MARC

LEADER 00000naa$a2200000$$$4500
001 0095062
005 20231121105258.4
041 0 |a cze 
044 |a CZ 
245 1 0 |a Strategie podniku a finanční teorie  |c Jan Vlachý 
520 |a Opcie ako nástroj finančnej analýzy. Oceňovanie opcií a ich aplikácia. Východiská hodnotového modelu firmy. Stratégia ako portfólio opcií. Úloha ľudského kapitálu pri vytváraní hodnoty firmy. 
610 2 0 |a analýza finančná 
610 2 0 |a stratégia podniková 
610 2 0 |a teória finančná 
610 2 0 |a stratégia investičná 
610 2 0 |a opcie 
610 2 0 |a oceňovanie 
100 1 |a Vlachý, Jan